Modulation (Record no. 51541)

MARC details
000 -LEADER
fixed length control field 00516nam a2200157 a 4500
008 - FIXED-LENGTH DATA ELEMENTS--GENERAL INFORMATION
fixed length control field 120416s0000 ||||||||||||||||| || u
020 ## - INTERNATIONAL STANDARD BOOK NUMBER
International Standard Book Number 0713134577
050 ## - LIBRARY OF CONGRESS CALL NUMBER
Classification number TK 5102.5 Con
100 ## - MAIN ENTRY--PERSONAL NAME
Personal name Connor, Frank Robert
245 10 - TITLE STATEMENT
Title Modulation
250 ## - EDITION STATEMENT
Edition statement 2nd. ed
260 ## - PUBLICATION, DISTRIBUTION, ETC.
Place of publication, distribution, etc. London
Name of publisher, distributor, etc. Edward Arnold
Date of publication, distribution, etc. 1984
300 ## - PHYSICAL DESCRIPTION
Extent viii, 133p. : ill
350 ## - PRICE (NR) (BK AM CF MU VM SE) [OBSOLETE]
Price 0.00
995 ## - RECOMMENDATION 995 [LOCAL, UNIMARC FRANCE]
-- 0.00
-- CBU-MAIN LIBRARY (Kitwe)
-- 1
-- 4.95
-- 1
-- AVAILABLE
-- Main Library Open Access Collection
Holdings
Withdrawn status Lost status Source of classification or shelving scheme Damaged status Not for loan Home library Current library Shelving location Date acquired Total Checkouts Full call number Barcode Date last seen Price effective from Koha item type
          CBU-MAIN LIBRARY, KITWE. CBU-MAIN LIBRARY, KITWE.   11/30/2022   TK 5102.5 Con 017366 11/30/2022 11/30/2022 MONOGRAPH